| 000 | 00735nam a2200241 4500 | ||
|---|---|---|---|
| 003 | MX-MxINE | ||
| 005 | 20260530113917.0 | ||
| 008 | 260508b1984 mx a|||| |||| 00| 0 spa d | ||
| 020 | _a9687266007 | ||
| 040 |
_aICI _bspa _cICI _erda |
||
| 041 | _aspa | ||
| 050 |
_aNK1535.M39 _b A4 1984 |
||
| 100 | 1 |
_aArvizu, Gonzalez , D., Alfredo _eeditor _934240 |
|
| 245 |
_aFranz mayer : _bUna colección _cAlfredo D. Arvizu González |
||
| 264 |
_aMéxico : _b Bancreser, _cc1984 |
||
| 300 |
_a323 páginas: _bilustraciones |
||
| 336 |
_2rdacontent _atexto |
||
| 337 |
_2rdamedia _asin medio |
||
| 338 |
_2rdacarrier _avolumen |
||
| 600 |
_aMayer, Franz Sales, _d1849 _934241 |
||
| 650 |
_aColeccion Franz Mayer _934242 |
||
| 942 |
_2lcc _n1 _cBK |
||
| 999 |
_c12329 _d12329 |
||